Cultura y simulacro : la precesión de los simulacros, el efecto Beaubourg, a la sombra de las mayorías silenciosas, el fin de lo social /
Salvato in:
| Autore principale: | |
|---|---|
| Natura: | Libro |
| Lingua: | spagnolo |
| Pubblicazione: |
Barcelona, España :
Kairós,
1987, c1978
|
| Edizione: | 3a edición |
| Soggetti: | |
| Tags: |
Nessun Tag, puoi essere il primo ad aggiungerne!!
|
MARC
| LEADER | 00000nam^a2200000^a^4500 | ||
|---|---|---|---|
| 001 | 000115354 | ||
| 005 | 20250521000000.0 | ||
| 009 | 20260310094050.211 | ||
| 020 | |a 84-7245-142-9 | ||
| 037 | |a Acervo ITESO - Biblioteca | ||
| 041 | |a ESP | ||
| 082 | |a 149. 97 |b BAU OBR CUL | ||
| 100 | |a Baudrillard, Jean |e (autor) | ||
| 245 | 1 | 0 | |a Cultura y simulacro : |b la precesión de los simulacros, el efecto Beaubourg, a la sombra de las mayorías silenciosas, el fin de lo social / |c J. Baudrillard ; tr. por Antoni Vicens, Pedro Rovira. |
| 250 | |a 3a edición | ||
| 264 | 4 | |a Barcelona, España : |b Kairós, |c 1987, c1978 | |
| 300 | |a 191 p. | ||
| 336 | |a texto |b txt |2 rdacontenido | ||
| 337 | |a sin mediación |b n |2 rdamedio | ||
| 338 | |a volumen |b nc |2 rdasoporte | ||
| 500 | |a Traducción de: La precession des simulacres. L'effet Beaubourg. A l'ombre des majorités silencieuses | ||
| 521 | |a 2012 BO Licenciatura en Comunicación y Artes Audiovisuales | ||
| 649 | |a XX | ||
| 650 | |a Sociedad Postindustrial | ||
| 650 | |a Realidad Virtual - |x Aspectos Sociales y Culturales | ||
| 650 | |a Cultura de Masas | ||
| 650 | |a Comunicación Masiva | ||
| 650 | |a Historia - |x Filosofía - |x Tema Principal | ||
| 650 | |a Modernidad y Posmodernidad | ||
| 650 | |a Sociología de la Cultura | ||
| 650 | |a Filosofía Francesa | ||
| 650 | |a Filosofía del Siglo XX | ||
| 910 | |a Fondo General | ||
| 920 | |a Impresos - Libros | ||
| 930 | |a Colección General | ||
| 905 | |a 101 | ||
| 901 | |a 0301410100 |b IT1 |c ACC |u 20250521 | ||
| 902 | |a https://opac.biblio.iteso.mx/vufind/Record/000115354 | ||